| 000 | 00513nam a2200145Ia 4500 | ||
|---|---|---|---|
| 008 | 151213s9999 xx 000 0 und d | ||
| 020 | _a984-07-4338-4 | ||
| 100 | _aআবুল ফজল আল্লামী। | ||
| 245 |
_aআইন - ই- আকবরী। _cআবুল ফজল আল্লামী। |
||
| 260 |
_aঢাকা। _bবাংলা একাডেমী। _c2003 |
||
| 300 | _a9283 p. | ||
| 650 | _aBangla | ||
| 700 | _aআবুল ফজল আল্লামী। | ||
| 999 |
_c4749 _d4749 |
||